000 01467 a2200241 4500
003 Nust
005 20230819092352.0
020 _a0-13-214149-3
040 _cNust
082 _a519.55, MAR
100 1 _aMarple, S. Lawrence,
_9114185
245 1 0 _aDigital spectral analysis :
_bwith appplications /
_cS. Lawrence Marple, Jr.
260 _aEnglewood Cliffs, N.J. :
_bPrentice-Hall,
_ccop. 1987
300 _axx, 492 p. :
_bill. +
_e1 diskett
440 0 _aPrentice-Hall signal processing series,
_9102988
505 _a1.introduction(Page-1), 2.Review of linear systems and transform theory (Page-25), 3.Review of matrix algebra (Page -57) 4.Review of random process theory (Page-111), 5.classical spectral estimation (Page -130), 6.Parametric models of random processes (Page -172), 7.autoregressive spectral estimation: block data algorithms (Page -206), 8.autoregressive spectral estimation (Page- 261),10.autoregressive -moving average spectral (Page -285), 11.Prony,s method(Page -303), 12.minimum variance spectral estimation (Page -350), 13.eigenanalysis based frequency estimation (Page- 361), 14.summary of spectral estimation (Page -386), 16.Two-dimensional spectral estimation (Page -432).
650 0 _aSignal processing
_xDigital techniques
_955548
650 0 _aSignalteori: teleteknik
_9114186
650 0 _aSignalteori: teleteknik
_9114186
650 0 _aSpectral theory (Mathematics)
_9114187
650 0 _aTidsserier
_9114188
942 _cREF
_2ddc
999 _c194313
_d194313